000 01036nam a2200337 a 4500
001 000112715
003 CHAP
005 20220329144318.0
008 161010s1998 mx |r| ||||f|spa d
010 _a109176
011 _a110148
020 _a9706271802
040 _cCHAP
082 0 4 _a833.91
_bF82
100 1 _aFrank, Anne
_d(1929 - 1945)
_9131129
245 1 0 _aDiario de Ana Frank /
_cpor Anne Frank.
260 _aMéxico, D.F. :
_bEditorial Época,
_c1998.
300 _a262 p.
534 _pTít. original :
_tThe Diary of Anne Frank
590 _aE11695DGD
_b10
_c20170521
_lUCH01
_h1054
590 _aE5765TAJ
_b05
_c20161010
_lUCH01
_h1154
590 _aE5765TAJ
_b05
_c20161010
_lUCH01
_h1159
600 1 _aFrank, Anne
_d(1929 - 1945)
_9131129
650 1 4 _aGuerra Mundial (
_y2a) 1939-1945.
_951151
650 1 4 _aHolocausto judio (1939-1945)
_9131130
650 1 4 _aLiteratura alemana
_xNarraciones personales.
_9131131
700 1 _aRops, Daniel
_eprólogo
_9131134
901 _aBK
942 _cLIBRO
942 _n0
999 _c109176
_d109176